000 00549nam a2200157Ia 4500
008 220216s9999 xx 000 0 und d
100 _aKrishnakumar A.K.
245 0 _aStudies on morphological and some physical problems of soils under Hevea in India
260 _bProceedings of the National Symposium on the Distribution of Red and Laterite Soils, 5-7 November 1991, Bangalore, India
_c1991
650 _aRubber soil
650 _aSoil property
700 _aDatta B.
700 _aKarthikakuttyamma M.
700 _aPotty S.N.
942 _cBS
999 _c48705
_d48705